| 000 | 00344nam a2200145Ia 4500 | ||
|---|---|---|---|
| 008 | 150201s1995 xx 000 0 und d | ||
| 082 |
_a612 _bB1995K |
||
| 100 | _aKAPOR | ||
| 245 | _aBASIC HUMAN GENETICS | ||
| 250 | _a2ND | ||
| 260 |
_bJAYPEE MEDICAL PUBLISHER _aDELHI _c1995 |
||
| 300 | _aJan-78 | ||
| 650 | _aPHYSIOLOGY | ||
| 942 |
_2ddc _cBK _01 |
||
| 999 |
_c2517 _d2517 |
||